000 00924cam a2200301 a 4500
001 51740
003 BD-RjUL
005 20211209075715.0
008 160901s2005 enk b 001 0 eng
020 _a041524384-X(pbk)
020 _a041524384-1
035 _a(BD-RjUL)51860
040 _aDLC
_cDLC
_dDLC
_dBD-RjUL
_beng
041 _aeng
082 0 0 _a302.2301
_223
_bMOM 2005
100 1 _aMoores, Shaun
_9154714
245 1 0 _aMedia/theory :
_bthinking about media and communications /
_cShaun Moores
260 _aLondon ;
_aNew York :
_bRoutledge,
_c2005
300 _axii, 212 p. ;
_c24 cm.
490 0 _aComedia
490 0 _aCritical voices in art, theory and culture
504 _aIncludes bibliography and index.
650 0 _aMass media
_xPhilosophy.
_9154715
830 _aComedia
_9154721
830 _aCritical voices in art, theory and culture
_9154722
942 _2ddc
_cBK
999 _c51740
_d51740